=LDR 00000nam 2200000 4500 =001 INLIS000000000006292 =005 20251106111404 =035 ##$$a 0010-1125000166 =007 ta =008 251106###########################0#ind## =082 ##$$a 363.96 =084 ##$$a 363.96 BAD d =100 #$$a Badan Koordinasi Keluarga Berencana Nasional =245 1#$$a Development Of A Programme For The Delivery Of Simple Nutrition Services Through The Indonesian Family Planning Programme In Java and Bali /$c Badan Koordinasi Keluarga Berencana Nasional =260 ##$:$b Badan Koordinasi Keluarga Berencana Nasional =300 ##$$a 14 Hal : $b Ilus ; $c 21 =650 #4$$a Keluarga Berencana =856 ##$$a Perpustakaan Kemendukbangga